| 000 | 00627nam a22001937a 4500 | ||
|---|---|---|---|
| 005 | 20251108173254.0 | ||
| 008 | 250721s2006 xx 000 0 ara d | ||
| 082 | 1 | 4 | _a530.11/حسو |
| 100 | 1 |
_aأحمد، ناظم حسون _eمؤلف |
|
| 245 | 1 | 0 | _aالنظرية النسبية الخاصة / |
| 264 | 1 |
_aعمان : _bمركز الكتاب الأكاديمي، _c2006. |
|
| 300 | _a341 ص. | ||
| 650 | 1 | 7 | _aالفيزياء |
| 650 | 1 | 7 | _aالنظرية النسبية |
| 700 | 1 | _aشاحوت، عياد مفتاح | |
| 700 | 1 | _aابراهيم، بثينة عبد المنعم | |
| 942 |
_2ddc _cBK |
||
| 999 |
_c100052 _d100052 |
||